| 000 | 00739nam a22002297a 4500 | ||
|---|---|---|---|
| 003 | DO-SdBNP | ||
| 005 | 20250116122229.0 | ||
| 007 | ta | ||
| 008 | 221102b2022 dr a|||| |||| 00| 0 spa d | ||
| 020 | _a9789945930931 | ||
| 040 |
_aDO-SdBNP _bspa _cBNPHU |
||
| 082 | 4 |
_aRD861.44 _bV434s _222 |
|
| 100 | 1 |
_aVelásquez, Elidenia, _d1977- _982663 |
|
| 245 | 1 | 0 |
_aSabor a mujer / _cElidenia Velásquez ; prólogo Bruno Rosario Candelier |
| 260 |
_aSanto Domingo : _bRío de Oro, _c2022. |
||
| 300 |
_a96 p. ; _c23 cm. |
||
| 500 | _aIncluye datos biográficos de la autora en la solapa de la cubierta | ||
| 590 | _aInventariado, 2022/BT | ||
| 700 | 1 |
_aRosario Candelier, Bruno, _d1941- _eprólogo _9851 |
|
| 910 | _aBtavárez | ||
| 942 |
_2ddc _cLBS1 |
||
| 999 |
_c52745 _d52745 |
||